"A szentek tisztelete ősi örökségünk-"

Podrobná bibliografia
Hlavný autor: Gábor, Bertalan, 1950- (Autor, uin)
Médium: Článok
Jazyk:maďarčina
slovenčina
ISSN:1335-6534
Predmet:

MARC

LEADER 00000nab a2200000 a 4500
001 vtls000826213
003 SK-MaSNL
005 20260318124637.0
008 040806c2003 xo 0 hun
015 |a SNBRB2003/02-06017 
035 |a CLN000177868 
040 |a SNKBUCL  |b slo  |c SNKBUCL  |e AACR2 
041 0 |a slo 
044 |a xo  |c SK 
080 |a 2-051(437.6=945.11)  |2 UDC-MRF-SK2 
080 |a 235.3:282  |2 UDC-MRF-SK2 
080 |a 282  |2 UDC-MRF-SK2 
245 0 0 |a "A szentek tisztelete ősi örökségünk-"  |c [szerző] M.P., Gábor Bertalan 
600 1 7 |a Gábor, Bertalan,  |d 1950-  |2 snkbucl  |9 110850 
610 2 7 |a Rímskokatolícka cirkev  |x svätci  |2 snkbucl  |9 1287698 
650 0 7 |a svätci  |2 SNKBUCL  |9 1606 
650 0 7 |a kanonizácia  |2 SNKBUCL  |9 31330 
700 1 |a Gábor, Bertalan,  |d 1950-  |4 aut  |4 uin  |9 110850 
773 0 |t Remény  |g Roč. 15, č. 1 (2003), s. 3  |x 1335-6534 
850 |a Slovenská národná knižnica v Martine 
852 |a SNK  |b KIS3GCP 
958 |a HU 
999 |c 2559255  |d 2561185